000 00995nam a2200277 i 4500
001 64252
003 ES-MaACL
005 20250831031616.0
007 t|
008 031223s1967 sp |||| | spa d
080 _a342.52(460)
080 _a342.732(460)
080 _a342.728(460)
100 1 _aFlórez Estrada, Álvaro.
_9151173
245 1 0 _aEn defensa de las Cortes
_b: con dos apéndices, uno sobre la libertad de imprenta y otro en defensa de los derechos de reunión /
_cÁlvaro Flórez Estrada ; edición e introducción de Jesús Munarriz Peralta.
260 _a[Madrid :
_bCiencia Nueva,
_c1967]
300 _a168 p. ;
_c18 cm.
490 1 _aLos clásicos ;
_v1
650 4 _aLibertad de prensa-
_zEspaña.
_914414
650 0 4 _aLibertad de asociación-
_zEspaña.
_914402
650 7 _aPoder legislativo-
_zEspaña
_2
_9145756
700 1 _aMunárriz, Jesús.
_984170
830 1 _aLos clásicos ;
_v1
_9184368
852 _aES-MaACL
_jC-32861
999 _c64252
_d64252